Wissenschaft für die Zukunft : holistisches Denken in ökologischer und gesellschaftlicher Verantwortung /

Main Author: Meyer-Abich, Klaus Michael, 1936-
Language: German
Published: München : C.H. Beck, 1988
Edition: Originalausg.
Series: Beck'sche Reihe
Physical Description: 183 s. ; 18 cm
Book
Saved in:
LEADER 01094nam a2200301 a 4500
001 000278765
003 CZ BrMZK
005 19980115143423.0
007 ta
008 980115s1988 gw f ger d
020 |a 3-406-33121-1 
040 |a BOA001  |b cze 
080 |a 001  |2 MRF 
100 1 |a Meyer-Abich, Klaus Michael,  |d 1936-  |7 js20070601004  |4 aut 
245 1 0 |a Wissenschaft für die Zukunft :  |b holistisches Denken in ökologischer und gesellschaftlicher Verantwortung /  |c Klaus Michael Meyer-Abich 
250 |a Originalausg. 
260 |a München :  |b C.H. Beck,  |c 1988 
300 |a 183 s. ;  |c 18 cm 
490 1 |a Beck'sche Reihe ;  |v 365 
500 |a Bibliogr. 
541 |a Brno, Kulturní a informační centrum 
653 0 |a budoucnost  |a ekologie  |a holismus  |a věda 
830 0 |a Beck'sche Reihe 
910 |a BOA001  |b 1-0956.668 
964 |a Věda  |x budoucnost 
990 |a BK 
996 7 |b 2610065983  |c 1-0956.668  |l MZK  |r Sklad / do 1 hodiny  |n 0  |p dar  |w 000278765  |u 000020  |a 1  |e BOA001  |j MZK50  |s A 
996 7 |b 2619251016  |c 1-0956.668  |l MZK  |r Sklad / do 1 hodiny  |n 1  |w 000278765  |u 000010  |a 1  |e BOA001  |j MZK50  |s A